000
00312nam a22001337a 4500
020
_q
HB.
040
_c
FIZZA ISHAQ
082
_a
621.367
_b
ALI
100
_a
SADIQUI,ALI.
_9
89090
245
_a
COMPUTER NETWORK SECURITY /
_c
ALI SADIQUI.
260
_a
CRC PRESS ;
_c
2020.
300
_a
224 P. ;
942
_2
ddc
_c
BK
999
_c
589949
_d
589949